000 00945cab a22001935a 4500
001 L150482
008 100719e20100716xxk 000 0 eng d
035 _a(Sirsi) u150482
041 0 _aeng
110 2 _aExperian Business Strategies
_94789
245 0 4 _aThe tracker back to reality
_bhopes that increased activity at the start of the year would continue into the summer were dashed as the activity index fell to a six-month low, says Experian Business Strategies
260 _c2010
490 _aBuilding
_v275 (8638) 16 July, 50-51(2)
520 _aThis extract from Experian's monthly Focus survey of construction activity gives an overview of the state of play, leading construction activity indicator 2009-2010 and residential, non-residential and civil engineering, labour costs, and a regional perspective for the UK.
590 _aKA
651 4 _aUnited Kingdom
_y
690 _aBUILT ENVIRONMENT-CONSTRUCTION MARKET
942 _n0
999 _c82525
_d82525